NHL Hat Tricks - 2022/23 - Statistics

General Stats
  • This quiz has been taken 38 times
  • The average score is 66 of 102
Answer Stats
Player Team Date Opponent Goals % Correct
Connor McDavid Edmonton Oilers 12/10/22 Vancouver Canucks 3
100%
Connor McDavid Edmonton Oilers 27/10/22 Chicago Blackhawks 3
100%
Alexander Ovechkin Washington Capitals 13/12/22 Chicago Blackhawks 3
97%
Alexander Ovechkin Washington Capitals 31/12/22 Montreal Canadiens 3
97%
Sebastian Aho Carolina Hurricanes 04/11/22 Buffalo Sabres 3
97%
Sebastian Aho Carolina Hurricanes 21/01/23 New York Islanders 3
97%
Sebastian Aho Carolina Hurricanes 18/03/23 Philadelphia Flyers 3
97%
Leon Draisaitl Edmonton Oilers 04/03/23 Winnipeg Jets 3
94%
Leon Draisaitl Edmonton Oilers 01/04/23 Anaheim Ducks 3
94%
Leon Draisaitl Edmonton Oilers 03/05/23 Vegas Golden Knights 4
94%
Nathan MacKinnon Colorado Avalanche 14/04/23 Nashville Predators 3
94%
Anže Kopitar Los Angeles Kings 28/02/23 Winnipeg Jets 4
91%
David Pastrňák Boston Bruins 08/01/23 Anaheim Ducks 3
91%
David Pastrňák Boston Bruins 01/04/23 Pittsburgh Penguins 3
91%
David Pastrňák Boston Bruins 09/04/23 Philadelphia Flyers 3
91%
Jamie Benn Dallas Stars 05/11/22 Edmonton Oilers 3
91%
Jason Robertson Dallas Stars 01/12/22 Anaheim Ducks 3
91%
Kyle Connor Winnipeg Jets 17/11/22 Anaheim Ducks 3
91%
Kyle Connor Winnipeg Jets 08/01/23 Vancouver Canucks 3
91%
Mikko Rantanen Colorado Avalanche 04/11/22 Columbus Blue Jackets 3
91%
Mikko Rantanen Colorado Avalanche 11/12/22 St. Louis Blues 3
91%
Mikko Rantanen Colorado Avalanche 06/04/23 San Jose Sharks 3
91%
Steven Stamkos Tampa Bay Lightning 18/01/23 Vancouver Canucks 3
91%
Evander Kane Edmonton Oilers 01/11/22 Nashville Predators 3
88%
Evander Kane Edmonton Oilers 18/03/23 Seattle Kraken 3
88%
Jack Hughes New Jersey Devils 26/11/22 Washington Capitals 3
88%
Matthew Tkachuk Florida Panthers 03/01/23 Arizona Coyotes 3
88%
Matthew Tkachuk Florida Panthers 30/03/23 Montreal Canadiens 3
88%
Patrick Kane Chicago Blackhawks 19/02/23 Toronto Maple Leafs 3
88%
Tage Thompson Buffalo Sabres 31/10/22 Detroit Red Wings 3
88%
Tage Thompson Buffalo Sabres 07/12/22 Columbus Blue Jackets 5!
88%
Tage Thompson Buffalo Sabres 03/01/23 Washington Capitals 3
88%
Tage Thompson Buffalo Sabres 23/02/23 Tampa Bay Lightning 3
88%
Zach Hyman Edmonton Oilers 13/12/22 Nashville Predators 3
88%
Aleksander Barkov Florida Panthers 29/12/22 Montreal Canadiens 3
84%
Erik Karlsson San Jose Sharks 01/11/22 Anaheim Ducks 3
84%
Roope Hintz Dallas Stars 04/12/22 Minnesota Wild 3
84%
Roope Hintz Dallas Stars 02/03/23 Chicago Blackhawks 3
84%
Roope Hintz Dallas Stars 19/04/23 Minnesota Wild 3
84%
Artemi Panarin New York Rangers 11/02/23 Carolina Hurricanes 4
81%
Kirill Kaprizov Minnesota Wild 26/02/23 Columbus Blue Jackets 3
81%
Patrik Laine Columbus Blue Jackets 14/01/23 Detroit Red Wings 3
81%
Clayton Keller Arizona Coyotes 11/12/22 Philadelphia Flyers 3
78%
Clayton Keller Arizona Coyotes 22/01/23 Vegas Golden Knights 3
78%
Jack Eichel Vegas Golden Knights 10/11/22 Buffalo Sabres 3
78%
Jack Eichel Vegas Golden Knights 19/03/23 Columbus Blue Jackets 3
78%
John Tavares Toronto Maple Leafs 02/11/22 Philadelphia Flyers 3
78%
John Tavares Toronto Maple Leafs 20/04/23 Tampa Bay Lightning 3
78%
Dylan Larkin Detroit Red Wings 02/04/23 Toronto Maple Leafs 3
75%
Filip Forsberg Nashville Predators 31/12/22 Vegas Golden Knights 3
75%
Joe Pavelski Dallas Stars 22/10/22 Montreal Canadiens 3
75%
Joe Pavelski Dallas Stars 02/05/23 Seattle Kraken 4
75%
Jonathan Marchessault Vegas Golden Knights 14/05/23 Edmonton Oilers 3
75%
Andrei Svechnikov Carolina Hurricanes 20/10/22 Edmonton Oilers 3
72%
Andrei Svechnikov Carolina Hurricanes 10/11/22 Edmonton Oilers 3
72%
Mark Stone Vegas Golden Knights 13/06/23 Florida Panthers 3
72%
Mark Scheifele Winnipeg Jets 13/12/22 Vegas Golden Knights 3
69%
Mark Scheifele Winnipeg Jets 29/12/22 Vancouver Canucks 3
69%
Jordan Kyrou St. Louis Blues 19/12/22 Vancouver Canucks 3
66%
Jordan Kyrou St. Louis Blues 11/03/23 Columbus Blue Jackets 3
66%
Timo Meier San Jose Sharks 23/11/22 Seattle Kraken 3
63%
Adrian Kempe Los Angeles Kings 11/02/23 Pittsburgh Penguins 4
59%
Adrian Kempe Los Angeles Kings 13/04/23 Anaheim Ducks 3
59%
Alex Tuch Buffalo Sabres 20/10/22 Calgary Flames 3
59%
Alex Tuch Buffalo Sabres 01/04/23 Philadelphia Flyers 3
59%
Ryan O'Reilly Toronto Maple Leafs 21/02/23 Buffalo Sabres 3
59%
Teuvo Teräväinen Carolina Hurricanes 05/03/23 Tampa Bay Lightning 3
59%
Travis Konecny Philadelphia Flyers 11/01/23 Washington Capitals 3
59%
Blake Wheeler Winnipeg Jets 29/11/22 Colorado Avalanche 3
56%
Mats Zuccarello Minnesota Wild 16/12/22 Chicago Blackhawks 3
56%
Jared McCann Seattle Kraken 14/01/23 Chicago Blackhawks 3
53%
Kevin Fiala Los Angeles Kings 07/01/23 Vegas Golden Knights 3
53%
Tim Stützle Ottawa Senators 07/01/23 Seattle Kraken 3
53%
Dylan Cozens Buffalo Sabres 26/02/23 Washington Capitals 3
44%
Andrei Kuzmenko Vancouver Canucks 03/11/22 Anaheim Ducks 3
41%
Kyle Okposo Buffalo Sabres 29/12/22 Detroit Red Wings 3
41%
Brandon Hagel Tampa Bay Lightning 18/03/23 Montreal Canadiens 3
38%
Joel Armia Montreal Canadiens 06/04/23 Washington Capitals 3
38%
Matt Boldy Minnesota Wild 19/03/23 Washington Capitals 3
38%
Matt Boldy Minnesota Wild 27/03/23 Seattle Kraken 3
38%
Seth Jarvis Carolina Hurricanes 16/02/23 Montreal Canadiens 3
34%
Carter Verhaeghe Florida Panthers 01/04/23 Columbus Blue Jackets 4
31%
Frank Vatrano Anaheim Ducks 26/01/23 Colorado Avalanche 3
31%
Jesper Bratt New Jersey Devils 19/03/23 Tampa Bay Lightning 3
31%
Kirill Marchenko Columbus Blue Jackets 07/01/23 Carolina Hurricanes 3
31%
Nick Schmaltz Arizona Coyotes 26/01/23 St. Louis Blues 3
31%
Pavel Buchnevich St. Louis Blues 15/03/23 Minnesota Wild 3
31%
Dawson Mercer New Jersey Devils 04/04/23 Pittsburgh Penguins 3
28%
Kasperi Kapanen Pittsburgh Penguins 03/12/22 St. Louis Blues 3
28%
Conor Garland Vancouver Canucks 13/04/23 Arizona Coyotes 3
25%
Kevin Hayes Philadelphia Flyers 17/01/23 Anaheim Ducks 3
25%
David Perron Detroit Red Wings 28/03/23 Pittsburgh Penguins 3
22%
Jordan Martinook Carolina Hurricanes 01/12/22 St. Louis Blues 3
22%
Nikita Zadorov Calgary Flames 12/04/23 San Jose Sharks 3
22%
Owen Tippett Philadelphia Flyers 17/03/23 Buffalo Sabres 3
16%
Rafaël Harvey-Pinard Montreal Canadiens 25/03/23 Columbus Blue Jackets 3
16%
Christian Dvorak Montreal Canadiens 29/10/22 St. Louis Blues 3
13%
Erik Gustafsson Washington Capitals 17/12/22 Toronto Maple Leafs 3
13%
Taylor Raddysh Chicago Blackhawks 14/03/23 Boston Bruins 3
13%
Trevor Moore Los Angeles Kings 16/11/22 Edmonton Oilers 3
13%
Eric Robinson Columbus Blue Jackets 28/02/23 Buffalo Sabres 3
6%
Noah Gregor San Jose Sharks 01/04/23 Arizona Coyotes 3
3%
No matching quizzes found
Score Distribution
Percent of People with Each Score
Percentile by Number Answered
Your Score History
You have not taken this quiz